|
|
|
|
| LEADER |
00000nab a2200000 a 4500 |
| 001 |
vtls000778182 |
| 003 |
SK-MaSNL |
| 005 |
20260303202547.0 |
| 008 |
180206c2001 xo 0 slo |
| 015 |
|
|
|a SNBRB2002/01-00507
|
| 035 |
|
|
|a CLN000129963
|
| 040 |
|
|
|a SNKBUCL
|b slo
|c SNKBUCL
|e AACR2
|
| 041 |
0 |
|
|a slo
|
| 044 |
|
|
|a xo
|c SK
|
| 080 |
|
|
|a 342.511(437.6):343.292
|2 UDC-MRF-SK2
|
| 080 |
|
|
|a 343.292
|2 UDC-MRF-SK2
|
| 100 |
1 |
|
|a Slišková, Nora
|4 aut
|9 266806
|
| 245 |
1 |
0 |
|a Schuster odtajnil milosti
|b prezident omilostil tehotné ženy aj Goralov ...
|c Nora Slišková
|
| 300 |
|
|
|b Fotogr., tab.
|
| 610 |
1 |
7 |
|a Slovensko.
|b Prezident (1999-2004 : Schuster)
|2 snkbucl
|9 97532
|
| 650 |
0 |
7 |
|a amnestia prezidentská
|x odtajnenie
|2 snkbucl
|9 1234399
|
| 655 |
|
7 |
|a články z novín a časopisov
|2 snkbucl
|9 267496
|
| 773 |
0 |
|
|x 1335-4051
|t Pravda
|g Roč. 11, č. 271 (26.11.2001), s. 1 a 3
|
| 850 |
|
|
|a Slovenská národná knižnica v Martine
|
| 852 |
|
|
|a SNK
|b KIS3GCP
|
| 958 |
|
|
|a RBX
|
| 999 |
|
|
|c 2180321
|d 2182251
|